00536nam a2200193 a 4500001001300000003000900013005001700022008004100039020001000080082001700090100002200107245007200129260003800201300000900239500003500248505001000283650002700293700002200320nice12345678IN_TiNIC20260116011646.0050524s1912 newa grp 000 0 eng  ac10000a232.954bJEN aJenks, Jeremiah W aPolitical and Social Significance of the Life & Teachings of Jesus. aNew YorkbAssociation Pressc1912 a168p aincludes index and biblioraphy2 aIndex aJesus Christ-Teachings1 aJenks, Jeremiah W